| 000 | 00391nam a22001577a 4500 | ||
|---|---|---|---|
| 005 | 20170330102253.0 | ||
| 008 | 170330b xxu||||| |||| 00| 0 eng d | ||
| 020 | _a81-7409-220-X | ||
| 041 | _aeng | ||
| 100 |
_aKADIYALI,DR. L.R _93700 |
||
| 245 | _aTRAFFIC ENGINEERING AND TRANSPORT PLANNING | ||
| 260 | _bKHANNA PUBLICATION | ||
| 300 | _a913 | ||
| 650 |
_aENGINEERING _93701 |
||
| 942 | _cBK | ||
| 999 |
_c5339 _d5337 |
||